<?xml version="1.0" encoding="UTF-8"?>
<record
    xmlns:xsi="http://www.w3.org/2001/XMLSchema-instance"
    xsi:schemaLocation="http://www.loc.gov/MARC21/slim http://www.loc.gov/standards/marcxml/schema/MARC21slim.xsd"
    xmlns="http://www.loc.gov/MARC21/slim">

  <leader>00675nam a22001817a 4500</leader>
  <controlfield tag="001">10068</controlfield>
  <controlfield tag="003">FISKH</controlfield>
  <controlfield tag="005">20260403111457.0</controlfield>
  <controlfield tag="008">260403b        cb ||||| |||| 00| 0 eng d</controlfield>
  <datafield tag="040" ind1=" " ind2=" ">
    <subfield code="a">FISKH</subfield>
    <subfield code="b">chi</subfield>
    <subfield code="c">FISKH</subfield>
    <subfield code="d">FISKH</subfield>
  </datafield>
  <datafield tag="082" ind1=" " ind2=" ">
    <subfield code="a">398.2</subfield>
  </datafield>
  <datafield tag="100" ind1=" " ind2=" ">
    <subfield code="a">&#x5B59;&#x84D3;</subfield>
  </datafield>
  <datafield tag="245" ind1=" " ind2=" ">
    <subfield code="a">&#x5C0F;&#x7EA2;&#x5E3D; ( Little Red Riding Hood ) / </subfield>
    <subfield code="c">&#x5B59;&#x84D3;</subfield>
  </datafield>
  <datafield tag="300" ind1=" " ind2=" ">
    <subfield code="a">20 pages : </subfield>
    <subfield code="b">color illustrations ;</subfield>
    <subfield code="c">21 cm . </subfield>
  </datafield>
  <datafield tag="520" ind1=" " ind2=" ">
    <subfield code="a">&#x300A;&#x5C0F;&#x7EA2;&#x5E3D;&#x300B;&#x8BB2;&#x8FF0;&#x4E86;&#x4E00;&#x4E2A;&#x5C0F;&#x5973;&#x5B69;&#x53BB;&#x770B;&#x671B;&#x5976;&#x5976;&#x7684;&#x6545;&#x4E8B;&#x3002;&#x5728;&#x8DEF;&#x4E0A;&#xFF0C;&#x5979;&#x9047;&#x5230;&#x4E86;&#x5927;&#x7070;&#x72FC;&#x3002;&#x5927;&#x7070;&#x72FC;&#x9A97;&#x5979;&#xFF0C;&#x5148;&#x5230;&#x5976;&#x5976;&#x5BB6;&#xFF0C;&#x628A;&#x5976;&#x5976;&#x85CF;&#x8D77;&#x6765;&#xFF0C;&#x7136;&#x540E;&#x5047;&#x88C5;&#x6210;&#x5976;&#x5976;&#x3002;&#x6700;&#x540E;&#xFF0C;&#x5C0F;&#x7EA2;&#x5E3D;&#x88AB;&#x730E;&#x4EBA;&#x6551;&#x51FA;&#x6765;&#x3002;</subfield>
  </datafield>
  <datafield tag="942" ind1=" " ind2=" ">
    <subfield code="2">ddc</subfield>
    <subfield code="c">BOOK</subfield>
    <subfield code="n">0</subfield>
  </datafield>
  <datafield tag="999" ind1=" " ind2=" ">
    <subfield code="c">10068</subfield>
    <subfield code="d">10068</subfield>
  </datafield>
  <datafield tag="952" ind1=" " ind2=" ">
    <subfield code="0">0</subfield>
    <subfield code="1">0</subfield>
    <subfield code="2">ddc</subfield>
    <subfield code="4">0</subfield>
    <subfield code="7">0</subfield>
    <subfield code="8">REF</subfield>
    <subfield code="a">002</subfield>
    <subfield code="b">002</subfield>
    <subfield code="c">LSHTTP</subfield>
    <subfield code="d">2026-04-03</subfield>
    <subfield code="l">0</subfield>
    <subfield code="o">&#x5B59;&#x84D3; 398.2</subfield>
    <subfield code="p">2026-0449</subfield>
    <subfield code="r">2026-04-03 09:34:21</subfield>
    <subfield code="w">2026-04-03</subfield>
    <subfield code="y">BOOK</subfield>
  </datafield>
</record>
